000 00797nam a2200241Ii 4500
003 JO-AjNU
008 230605s9999||||xx |||||||||||||| ||und||
017 _a2003/11123
020 _a977-01-8577-9
040 _aJO-AjNU
_bara
_erda
_cJO-AjNU
041 _aara
050 1 4 _aPJ7842.M722.M4 2003
100 3 _aتأليف الخولي، أمين,
_eauthor
_939615
245 0 0 _aمن هدى القرآن
250 _aط2
264 3 1 _aالقاهرة:مكتبة الأسرة،2003 ؛ مهرجان القراءة للجميع 2003
300 _a159ص
336 _atext
_btxt
_2rdacontent
337 _aunmediated
_bn
_2rdamedia
338 _avolume
_bnc
_2rdacarrier
490 0 _aسلسلة الأعمال الدينية
650 4 _aالأدب العربي - القرآن - قصص
_939616
999 _aA16745
_c20313
_d20313